| 000 | 02117nam a2200229 a 4500 | ||
|---|---|---|---|
| 001 | 000048013 | ||
| 005 | 20201002060850.0 | ||
| 008 | 181015s2006 dr 000 m spa d | ||
| 040 |
_aDO-SdBNP _bspa _cBNPHU |
||
| 082 |
_axxxx _bR426d |
||
| 110 | 2 |
_aRepública Dominicana. _bSuperintendencia de Valores. _914843 |
|
| 245 | 1 | 0 |
_aDepósito centralizado de valores / _cresponsables Fe Cristina Batista, Virginia Linares ; cuidado de edición Angela Torres, Ingrid Soñé. |
| 260 |
_aSanto Domingo : _bSIV. Dirección de Promoción y Difusión, _c2006. |
||
| 300 |
_a63 p. ; _c23 cm. |
||
| 490 | 1 |
_aEstudios _v1 |
|
| 505 | 0 |
_aPresentación -- _tLey del mercado de valores No. 19-00 -- _tReglamento de la ley del mercado de valores No. 729-04 -- _tCNV-2002-01-BV: norma para las bolsas de valores que establece los requisitos de autorización para inscribirse en el registro de mercado de valores -- _tCNV-2005-03-MV: norma que establece los derechos por concepto de registro de emisiones y de participantes en el registro del mercado de valores y productos -- _tCNV-2005-04-EV: norma sobre los requisitos de autorización e inscripción en el registro de la oferta pública de valores -- _tCNV-2005-05-EV: anexo A, B y C -- _tCNV-2005-07-AF: norma para los fondos mutuos o los fondos cerrados de inversión que establece los requisitos de autorización para inscribirse en el registro de mercado de valores y productos -- _tCNV-2005-09-DC: norma para el depósito centralizado de valores que establece los requisitos de autorización para operar e inscribirse en el registro del mercado de valores y productos -- _tBolsa de valores ofreciendo servicios de depositarios -- _tCNV-2005-10-IV: norma para los intermediarios de valores que establece disposiciones para su funcionamiento -- _tCNV-2005-11-FM: norma para las administradoras de fondos mutuos que establece disposiciones para su funcionamiento y para la administración de sus fondos. |
|
| 590 | _aInventariado, 2019/LP | ||
| 700 | 1 |
_aBatista, Fe Cristina. _975514 |
|
| 700 | 1 |
_aTorres, Angela. _975515 |
|
| 700 | 1 |
_aSoñé, Ingrid. _975516 |
|
| 830 | 0 |
_aEstudios _n1 _913150 |
|
| 999 |
_c47501 _d47501 |
||